<?xml version="1.0" encoding="UTF-8"?><?xml-stylesheet type="text/xsl" href="static/style.xsl"?><OAI-PMH xmlns="http://www.openarchives.org/OAI/2.0/" xmlns:xsi="http://www.w3.org/2001/XMLSchema-instance" xsi:schemaLocation="http://www.openarchives.org/OAI/2.0/ http://www.openarchives.org/OAI/2.0/OAI-PMH.xsd"><responseDate>2026-04-17T22:51:08Z</responseDate><request verb="GetRecord" identifier="oai:www.recercat.cat:2117/445024" metadataPrefix="marc">https://recercat.cat/oai/request</request><GetRecord><record><header><identifier>oai:recercat.cat:2117/445024</identifier><datestamp>2026-01-21T07:09:10Z</datestamp><setSpec>com_2072_1033</setSpec><setSpec>col_2072_452950</setSpec></header><metadata><record xmlns="http://www.loc.gov/MARC21/slim" xmlns:dcterms="http://purl.org/dc/terms/" xmlns:xsi="http://www.w3.org/2001/XMLSchema-instance" xmlns:doc="http://www.lyncode.com/xoai" xsi:schemaLocation="http://www.loc.gov/MARC21/slim http://www.loc.gov/standards/marcxml/schema/MARC21slim.xsd">
   <leader>00925njm 22002777a 4500</leader>
   <datafield ind2=" " ind1=" " tag="042">
      <subfield code="a">dc</subfield>
   </datafield>
   <datafield ind2=" " ind1=" " tag="720">
      <subfield code="a">Canals Casals, Lluc</subfield>
      <subfield code="e">author</subfield>
   </datafield>
   <datafield ind2=" " ind1=" " tag="720">
      <subfield code="a">Cuesta Mota, Dídac</subfield>
      <subfield code="e">author</subfield>
   </datafield>
   <datafield ind2=" " ind1=" " tag="720">
      <subfield code="a">Serra Clusellas, Anna</subfield>
      <subfield code="e">author</subfield>
   </datafield>
   <datafield ind2=" " ind1=" " tag="720">
      <subfield code="a">López Grimau, Víctor</subfield>
      <subfield code="e">author</subfield>
   </datafield>
   <datafield ind2=" " ind1=" " tag="720">
      <subfield code="a">Cortez Guerrero, Michel Guillermo</subfield>
      <subfield code="e">author</subfield>
   </datafield>
   <datafield ind2=" " ind1=" " tag="260">
      <subfield code="c">2025</subfield>
   </datafield>
   <datafield ind2=" " ind1=" " tag="520">
      <subfield code="a">In the current energy crisis and climate change context, the search for clean and sustainable energy sources has become a global priority. Green hydrogen, produced from water electrolysis powered by renewable energy, has emerged as a promising alternative within this framework due to its ability to generate energy without carbon emissions. However, its traditional production faces challenges such as high energy consumption and reliance on pure water, which limits its large-scale viability in increasingly frequent water scarcity scenarios. This work presents an innovative electrochemical system using wastewater as a raw material to produce and recover hydrogen. This solution not only takes advantage of a residual effluent but also contributes to its treatment and reuse. This system is powered by energy from solar panels, ensuring that the process is entirely sustainable and emission-free. This study introduces the technical characteristics, functionality, and environmental benefits of the system at an industrial scale. This proposal opens new possibilities for green hydrogen production helping to close the water cycle and reduce the carbon footprint in key sectors.</subfield>
   </datafield>
   <datafield ind2=" " ind1=" " tag="520">
      <subfield code="a">This work was supported by the Ministerio de Ciencia e Innovación [grant number TED2021-129361BI00], and by the Agency for Management of University and Research Grants (AGAUR - Generalitat de Catalunya) [grant number 2021 SGR 00226 and 2024 LLAV 00046]</subfield>
   </datafield>
   <datafield ind2=" " ind1=" " tag="520">
      <subfield code="a">Peer Reviewed</subfield>
   </datafield>
   <datafield ind2=" " ind1=" " tag="520">
      <subfield code="a">Postprint (published version)</subfield>
   </datafield>
   <datafield tag="653" ind2=" " ind1=" ">
      <subfield code="a">Àrees temàtiques de la UPC::Energies</subfield>
   </datafield>
   <datafield tag="653" ind2=" " ind1=" ">
      <subfield code="a">Electrolysis</subfield>
   </datafield>
   <datafield tag="653" ind2=" " ind1=" ">
      <subfield code="a">Green hydrogen</subfield>
   </datafield>
   <datafield tag="653" ind2=" " ind1=" ">
      <subfield code="a">Circular economy</subfield>
   </datafield>
   <datafield tag="653" ind2=" " ind1=" ">
      <subfield code="a">Renewable energy</subfield>
   </datafield>
   <datafield ind2="0" ind1="0" tag="245">
      <subfield code="a">Green hydrogen production system from industrial wastewater</subfield>
   </datafield>
   <datafield ind2="0" ind1="0" tag="245">
      <subfield code="a">Sistema de generación de hidrógeno verde a partir de aguas residuales industriales</subfield>
   </datafield>
</record></metadata></record></GetRecord></OAI-PMH>